000 00718cam a22002055a 4500
001 L154751
008 120117s1947 xxk f 000 0 eng d
035 _a(Sirsi) u154751
041 0 _aeng
100 1 _aMitchell, George A.
245 0 0 _aBuilding construction
_ba text book on the principles and details of modern construction for the use of students and practical men, part 2 advanced course
250 _a16th ed.
260 _aLondon
_bB. T. Batsford
_c1947
300 _axxiii, 1127p.
_bill.
_c19cm.
520 _aContains information on building materials and methods of construction.
651 4 _aUnited Kingdom
_y
690 _aConstruction management
_96230
700 1 _aMitchell, A. M.
942 _n0
999 _c113128
_d113128